[Event "Wattens op 13th"]
[Site "Wattens"]
[Date "1998.??.??"]
[Round "4"]
[White "Velicka, Petr"]
[Black "Berezjuk, Sergej"]
[Result "1/2-1/2"]
[WhiteElo "2465"]
[BlackElo "2410"]
[PlyCount "96"]
[EventDate "1998.??.??"]
[Source "www.chesslib.no"]
[SourceDate "2004.05.04"]

1. e4 e5 2. Nf3 Nc6 3. Bb5 a6 4. Bxc6 dxc6 5. O-O Bg4 6. h3 h5 7. d3 Qf6 8.
Nbd2 Ne7 9. Re1 Ng6 10. d4 Bd6 11. hxg4 hxg4 12. Nh2 Rxh2 13. Qxg4 Qh4 14. Qxh4
Rxh4 15. Nf3 Rh5 16. dxe5 Nxe5 17. Nxe5 Bxe5 18. g3 O-O-O 19. c3 g5 20. Be3
Rdh8 21. Kg2 Rh2+ 22. Kf3 f6 23. Rad1 b6 24. Kg4 c5 25. Kf5 R8h6 26. Rd2 R2h5
27. Red1 Rh8 28. Rd7 Re8 29. Rf7 Rh6 30. Rd5 Rh5 31. Rdd7 Rh1 32. f4 Rf1 33.
Kg6 gxf4 34. Bxf4 Rg8+ 35. Rg7 Rxg7+ 36. Rxg7 Bxf4 37. gxf4 Rxf4 38. Re7 a5 39.
a4 Kb7 40. c4 Kc6 41. Kf7 Kb7 42. b3 Kc8 43. Re8+ Kd7 44. Re7+ Kd8 45. Re8+ Kd7
46. Re7+ Kc8 47. Re8+ Kb7 48. Re7 Kc8 1/2-1/2

[Event "YUG-chT"]
[Site "?"]
[Date "1998.??.??"]
[Round "2"]
[White "Markovic Miroslav"]
[Black "Notkin Maksim"]
[Result "1/2-1/2"]
[WhiteElo "2540"]
[BlackElo "2505"]
[PlyCount "131"]
[EventDate "1998.??.??"]
[Source "www.chesslib.no"]
[SourceDate "2004.05.04"]

1. e4 e5 2. Nf3 Nc6 3. Bb5 a6 4. Bxc6 dxc6 5. O-O Bg4 6. h3 h5 7. d3 Qf6 8.
Nbd2 Ne7 9. hxg4 hxg4 10. g3 gxf3 11. Qxf3 Qh6 12. Re1 c5 13. Nc4 Qh2+ 14. Kf1
Qh1+ 15. Ke2 Qxf3+ 16. Kxf3 Nc6 17. Be3 O-O-O 18. a4 b6 19. Ke2 Be7 20. Rh1 Kd7
21. c3 g6 22. Bd2 Bf6 23. Rhf1 a5 24. Ne3 Bg5 25. Rh1 Ne7 26. Raf1 Rdf8 27.
Rxh8 Rxh8 28. f4 exf4 29. gxf4 Rh2+ 30. Kd1 Bh4 31. Ng4 Rg2 32. Ne5+ Ke8 33.
Rh1 Bf6 34. Nf3 Rf2 35. Rh3 Rg2 36. Ke1 Nc6 37. e5 Be7 38. Kf1 Rg4 39. Kf2 Kd7
40. Rh7 Ke8 41. d4 cxd4 42. cxd4 Nd8 43. d5 Bc5+ 44. Kf1 Rg3 45. Ng5 Rd3 46.
Ne4 Be7 47. d6 cxd6 48. exd6 Bxd6 49. Ke2 Rd4 50. Nf6+ Ke7 51. Bc3 Rxa4 52. Rh8
Bc7 53. Be5 Bxe5 54. fxe5 Ke6 55. Rxd8 Kxe5 56. Nd7+ Ke6 57. Nxb6 Rb4 58. Nd5
Rxb2+ 59. Ke3 a4 60. Nf4+ Kf6 61. Ra8 Rb3+ 62. Nd3 a3 63. Kd4 Kg5 64. Ra6 Rb1
65. Ne5 Rf1 66. Ke3 1/2-1/2

[Event "BL2-W9798"]
[Site "Germany"]
[Date "1998.??.??"]
[Round "?"]
[White "Glek, Igor V"]
[Black "Winants, Luc"]
[Result "1-0"]
[WhiteElo "2505"]
[BlackElo "2515"]
[PlyCount "85"]
[EventDate "1997.10.??"]
[Source "www.chesslib.no"]
[SourceDate "2004.05.04"]

1. e4 e5 2. Nf3 Nc6 3. Bb5 a6 4. Bxc6 dxc6 5. O-O Bg4 6. h3 h5 7. d3 Qf6 8.
Nbd2 Ne7 9. Nc4 Bxf3 10. Qxf3 Qxf3 11. gxf3 Ng6 12. Be3 Bd6 13. Rfd1 f6 14. Kf1
c5 15. c3 Kf7 16. d4 cxd4 17. cxd4 Rhd8 18. Rac1 Be7 19. d5 a5 20. Rd2 a4 21.
Rdc2 b5 22. Na3 b4 23. Nb5 Ra5 24. Nxc7 b3 25. axb3 axb3 26. Rc3 Rb8 27. Ne6
Ra2 28. Rb1 Rb7 29. f4 exf4 30. Nxf4 Bd6 31. Ne6 Rb8 32. Rc6 Be5 33. Bd4 Bxd4
34. Rc7+ Kg8 35. Nxd4 Nf4 36. d6 Rb4 37. Nc6 Rxe4 38. d7 Ne6 39. Rc8+ Kf7 40.
Re8 Ra6 41. Rxe6 Rxe6 42. d8=Q Raxc6 43. Qd5 1-0

[Event "Belfort"]
[Site "Belfort"]
[Date "1997.??.??"]
[Round "6"]
[White "Rozentalis, Eduardas"]
[Black "Relange, Eloi"]
[Result "1/2-1/2"]
[WhiteElo "2645"]
[BlackElo "2505"]
[PlyCount "160"]
[EventDate "1997.10.??"]
[Source "ChessBase"]
[SourceDate "1998.01.31"]

1. e4 e5 2. Nf3 Nc6 3. Bb5 a6 4. Bxc6 dxc6 5. O-O Bg4 6. h3 h5 7. d3 Qf6 8. Be3
Bxf3 9. Qxf3 Qxf3 10. gxf3 Bd6 11. Nd2 Ne7 12. Rfb1 Ng6 13. b4 f6 14. Kf1 Nf8
15. Nc4 Ne6 16. a4 Ke7 17. Na5 Nd8 18. c3 b6 19. Nc4 Ne6 20. d4 Rhd8 21. Ke2
Kf7 22. Rb2 Rd7 23. Rd1 Rad8 24. b5 axb5 25. axb5 cxb5 26. Nxd6+ Rxd6 27. d5
Nf4+ 28. Bxf4 exf4 29. Rxb5 Ra8 30. c4 Ke7 31. Rd2 Ra7 32. Rc2 Rd8 33. c5 bxc5
34. Rbxc5 Kd7 35. Kd3 Ra3+ 36. Kd4 Ra4+ 37. R5c4 Rxc4+ 38. Rxc4 Re8 39. h4 Kd6
40. Rc6+ Kd7 41. Ra6 Re7 42. Kc5 Re8 43. Ra1 Re5 44. Rg1 g5 45. hxg5 Rxg5 46.
Rh1 Rg2 47. Rh4 Rxf2 48. Rxf4 Ke7 49. Kd4 h4 50. Ke3 Rh2 51. Rg4 Kf7 52. Kf4 c6
53. dxc6 Rc2 54. Rxh4 Rxc6 55. Rh7+ Ke6 56. Ra7 Rb6 57. Kg4 Rb4 58. Ra5 Rc4 59.
Kf4 Rb4 60. Kg4 Rc4 61. Kh5 Rc1 62. f4 Rg1 63. Ra6+ Kf7 64. Ra7+ Kf8 65. f5 Rg2
66. Kh6 Rg4 67. Rb7 Rg1 68. Kh5 Rg5+ 69. Kh4 Rg1 70. Rb3 Re1 71. Kg4 Rxe4+ 72.
Kh5 Re7 73. Kh6 Kf7 74. Rb8 Ra7 75. Rc8 Rb7 76. Kh7 Ra7 77. Kh6 Rb7 78. Rh8 Rb1
79. Rh7+ Kg8 80. Rg7+ Kf8 1/2-1/2

[Event "MK Cafe op-A"]
[Site "Koszalin"]
[Date "1997.08.04"]
[Round "2"]
[White "Rozentalis, Eduardas"]
[Black "Pedzich, Dominik"]
[Result "1/2-1/2"]
[WhiteElo "2645"]
[BlackElo "2465"]
[PlyCount "104"]
[EventDate "1997.08.03"]
[Source "ChessBase"]
[SourceDate "1997.09.26"]

1. e4 e5 2. Nf3 Nc6 3. Bb5 a6 4. Bxc6 dxc6 5. O-O Bg4 6. h3 h5 7. d3 Qf6 8. Be3
Bxf3 9. Qxf3 Qxf3 10. gxf3 Bd6 11. Nd2 Ne7 12. Kh2 f6 13. Nc4 Kf7 14. Rad1 Rhd8
15. h4 a5 16. a4 Ng6 17. Kh3 Nf8 18. d4 exd4 19. Rxd4 Ne6 20. Rd3 Nf4+ 21. Bxf4
Bxf4 22. Rxd8 Rxd8 23. Nxa5 b6 24. Nxc6 Rd2 25. Nb4 Bd6 26. Nd3 Rxc2 27. Rc1
Rd2 28. Rc3 c5 29. b3 Ra2 30. Kg2 Ke6 31. f4 f5 32. e5 Be7 33. Kg3 Ra1 34. Nc1
Rb1 35. f3 Rb2 36. Re3 c4 37. bxc4 Rc2 38. Nb3 Rxc4 39. Rd3 g6 40. a5 bxa5 41.
Nxa5 Rc1 42. Nb7 Rg1+ 43. Kf2 Rh1 44. Nd8+ Bxd8 45. Rxd8 Rxh4 46. Kg3 Rh1 47.
Rf8 Ke7 48. Rf6 Ra1 49. Kg2 Ra2+ 50. Kh3 Ra3 51. Kg2 Ra2+ 52. Kg3 Ra1 1/2-1/2

[Event "Enghien les Bains"]
[Site "Enghien les Bains"]
[Date "1997.03.21"]
[Round "8"]
[White "Nataf, Igor Alexandre"]
[Black "Anic, Darko"]
[Result "1/2-1/2"]
[WhiteElo "2410"]
[BlackElo "2470"]
[PlyCount "75"]
[EventDate "1997.03.14"]
[Source "ChessBase"]

1. e4 e5 2. Nf3 Nc6 3. Bb5 a6 4. Bxc6 dxc6 5. O-O Bg4 6. h3 h5 7. d3 Qf6 8.
Nbd2 Ne7 9. Re1 Ng6 10. d4 Bd6 11. hxg4 hxg4 12. Nh2 Rxh2 13. Qxg4 Qh4 14. Qxh4
Rxh4 15. Nf3 Rh5 16. Nxe5 Nxe5 17. dxe5 Bxe5 18. c3 g5 19. g3 O-O-O 20. Be3 g4
21. Kg2 Rdh8 22. Rh1 Rxh1 23. Rxh1 Rxh1 24. Kxh1 Kd7 25. Kg2 Ke6 26. Bf4 Bd6
27. Kf1 f5 28. exf5+ Kxf5 29. Be3 Ke4 30. Ke2 Be5 31. Kd2 Kf3 32. b4 b6 33. c4
b5 34. c5 Bb2 35. Kc2 Bf6 36. Kd3 Be5 37. Kd2 Bb2 38. Kc2 1/2-1/2

[Event "JUG Cup"]
[Site "Ulcinj"]
[Date "1997.??.??"]
[Round "?"]
[White "Nikolic, Zivoslav"]
[Black "Damjanovic, Vladimir"]
[Result "1-0"]
[WhiteElo "2440"]
[BlackElo "2425"]
[PlyCount "96"]
[EventDate "1997.??.??"]
[Source "www.chesslib.no"]
[SourceDate "2004.05.04"]

1. e4 e5 2. Nf3 Nc6 3. Bb5 a6 4. Bxc6 dxc6 5. O-O Bg4 6. h3 h5 7. d3 Qf6 8.
Nbd2 Bc5 9. Nc4 Bxf3 10. Qxf3 Qxf3 11. gxf3 f6 12. f4 exf4 13. Bxf4 O-O-O 14.
Be3 Bxe3 15. Nxe3 Ne7 16. f4 g6 17. Kh2 Rhe8 18. Rae1 Rd4 19. Rf2 b6 20. h4 f5
21. e5 Kd7 22. Rg1 Rg8 23. Kg3 Nd5 24. Ng2 c5 25. Rf3 c4 26. dxc4 Rxc4 27. Rd1
Ke6 28. Rxd5 Kxd5 29. Ne3+ Kc5 30. Nxc4 Kxc4 31. Rc3+ Kd4 32. Rxc7 Ke3 33. Rc3+
Ke4 34. Rc4+ Ke3 35. Rc6 g5 36. Rc3+ Ke4 37. fxg5 Rg6 38. Rf3 Rc6 39. Rf2 f4+
40. Rxf4+ Kxe5 41. Rf2 Ke4 42. Rf4+ Ke5 43. c3 b5 44. Kf3 a5 45. Ke3 b4 46.
cxb4 Rc2 47. bxa5 Rxb2 48. Ra4 Rb7 1-0

[Event "Bodensee-Cup"]
[Site "Germany"]
[Date "1996.??.??"]
[Round "1"]
[White "Kraut, Rainer"]
[Black "Costa, Jean Luc"]
[Result "1/2-1/2"]
[WhiteElo "2445"]
[BlackElo "2410"]
[PlyCount "108"]
[EventDate "1996.??.??"]
[Source "ChessBase"]

1. e4 e5 2. Nf3 Nc6 3. Bb5 a6 4. Bxc6 dxc6 5. O-O Bg4 6. h3 h5 7. d3 Qf6 8.
Nbd2 Bc5 9. Nc4 Bxf3 10. Qxf3 Qxf3 11. gxf3 Bd6 12. f4 exf4 13. Nxd6+ cxd6 14.
Bxf4 Rd8 15. Kh1 f6 16. Rg1 Kf7 17. Rg2 Ne7 18. Bh2 d5 19. Rag1 Rhg8 20. f3 g5
21. e5 Rde8 22. exf6 Nf5 23. f4 g4 24. hxg4 hxg4 25. Rxg4 Rxg4 26. Rxg4 Re2 27.
Rg2 Re1+ 28. Rg1 Re2 29. Rg2 Rxg2 30. Kxg2 Ne3+ 31. Kf3 Nxc2 32. Ke2 Nd4+ 33.
Ke3 c5 34. Bg3 Kxf6 35. Bh4+ Ke6 36. Bd8 Kd7 37. Bb6 Kc6 38. Bd8 b5 39. Bf6
Nf5+ 40. Kf3 Kd6 41. b3 Ke6 42. Be5 Ne7 43. Kg4 Nc6 44. Bc3 d4 45. Be1 Ne7 46.
Bg3 b4 47. Kg5 a5 48. Kg4 Nd5 49. f5+ Kf7 50. Bd6 Nc3 51. Bxc5 Nxa2 52. Bb6 Nc1
53. Bxa5 Nxd3 54. Kf3 Kf6 1/2-1/2

[Event "World Open"]
[Site "Philadelphia, PA USA"]
[Date "1994.??.??"]
[Round "?"]
[White "Rozentalis, Eduardas"]
[Black "Blatny, Pavel"]
[Result "1-0"]
[WhiteElo "2605"]
[BlackElo "2525"]
[PlyCount "75"]
[EventDate "1994.06.??"]
[Source "www.chesslib.no"]
[SourceDate "2004.05.04"]

1. e4 e5 2. Nf3 Nc6 3. Bb5 a6 4. Bxc6 dxc6 5. O-O Bg4 6. h3 h5 7. d3 Bd6 8. Be3
Qe7 9. Nbd2 c5 10. hxg4 hxg4 11. Ng5 Nh6 12. g3 f6 13. Kg2 fxg5 14. Rh1 O-O-O
15. Qe2 Rdf8 16. b3 Qf6 17. Rh5 g6 18. Rh2 Rf7 19. Rah1 Bf8 20. Nf1 Rfh7 21.
Bd2 Rf7 22. Kg1 Bg7 23. Be3 Qe7 24. Qd2 Rf4 25. Qa5 b6 26. Qxa6+ Kb8 27. a4 Qf6
28. a5 Rf3 29. axb6 cxb6 30. b4 Bf8 31. bxc5 Rxe3 32. cxb6 Rh7 33. Nxe3 Bc5 34.
d4 Bxd4 35. Qe2 Qf8 36. b7 Bb6 37. Kg2 Kxb7 38. Nxg4 1-0

[Event "Moscow"]
[Site "Moscow"]
[Date "1994.??.??"]
[Round "11"]
[White "Zlochevskij, Alexander"]
[Black "Zaitsev, Igor A"]
[Result "1/2-1/2"]
[WhiteElo "2485"]
[BlackElo "2430"]
[PlyCount "27"]
[EventDate "1994.??.??"]
[Source "ChessBase"]

1. e4 e5 2. Nf3 Nc6 3. Bb5 a6 4. Bxc6 dxc6 5. O-O Bg4 6. h3 h5 7. d3 Qf6 8.
Nbd2 Bc5 9. Nc4 Bxf3 10. Qxf3 Qxf3 11. gxf3 f6 12. f4 exf4 13. Bxf4 O-O-O 14.
Be3 1/2-1/2

[Event "World Cup VII Final"]
[Site "Cork World Cup VII Final"]
[Date "1994.??.??"]
[Round "?"]
[White "Rausis, Igors"]
[Black "Zimmermann, Bert"]
[Result "1/2-1/2"]
[WhiteElo "2495"]
[BlackElo "2495"]
[PlyCount "86"]
[EventDate "1994.??.??"]
[Source "www.chesslib.no"]
[SourceDate "2004.05.04"]

1. e4 e5 2. Nf3 Nc6 3. Bb5 a6 4. Bxc6 dxc6 5. O-O Bg4 6. h3 h5 7. d3 Qf6 8.
Nbd2 Ne7 9. Re1 Ng6 10. d4 Bd6 11. hxg4 hxg4 12. Nh2 Rxh2 13. Qxg4 Qh4 14. Qxh4
Rxh4 15. Nf3 Rh8 16. dxe5 Nxe5 17. Nxe5 Bxe5 18. c3 f6 19. g3 O-O-O 20. Kg2 Bd6
21. Be3 Rh5 22. Rh1 Rdh8 23. f4 Rxh1 24. Rxh1 Rxh1 25. Kxh1 c5 26. Kg2 c4 27.
Kf3 Kd7 28. Kg4 Ke7 29. Kf5 Kf7 30. e5 g6+ 31. Ke4 fxe5 32. fxe5 Bf8 33. Kd5
c6+ 34. Kxc4 Ke6 35. Bc5 Bg7 36. Bd6 Bh6 37. Kb4 Bc1 38. b3 Bg5 39. Bc7 Kd7 40.
Bb6 Bd2 41. Ba7 Be1 42. Bb8 Ke6 43. g4 Bh4 1/2-1/2

[Event "Budapest FS10 GM"]
[Site "Budapest"]
[Date "1993.??.??"]
[Round "5"]
[White "Prie, Eric"]
[Black "Anic, Darko"]
[Result "1/2-1/2"]
[WhiteElo "2445"]
[BlackElo "2440"]
[PlyCount "158"]
[EventDate "1993.10.??"]
[Source "ChessBase"]

1. e4 e5 2. Nf3 Nc6 3. Bb5 a6 4. Bxc6 dxc6 5. O-O Bg4 6. h3 h5 7. d3 Qf6 8.
Nbd2 Ne7 9. Re1 Ng6 10. d4 Bd6 11. hxg4 hxg4 12. g3 gxf3 13. Nxf3 Qe6 14. Ng5
Qd7 15. dxe5 Nxe5 16. Bf4 Qe7 17. Nf3 O-O-O 18. Nxe5 Bxe5 19. Qg4+ Kb8 20. c3
Bxf4 21. Qxf4 Rh5 22. Kg2 Qe6 23. Rh1 Re5 24. Rae1 Re8 25. Rh7 Qg6 26. Qh4 Ka7
27. Re3 Rxe4 28. Rxe4 Rxe4 29. Rxg7 Qe6 30. Qh5 Re1 31. Rxf7 Qe4+ 32. Qf3 Qc4
33. Rxc7 Qf1+ 34. Kh2 Re6 35. Rh7 Re2 36. Rf7 Re6 37. Rxb7+ Kxb7 38. Qf7+ Kb6
39. Qxe6 Qxf2+ 40. Kh3 a5 41. Qe5 Ka6 42. Qe4 Kb7 43. Qe7+ Ka6 44. Qd7 Qf1+ 45.
Kh4 Qf6+ 46. Kg4 Qg6+ 47. Kf4 Qf6+ 48. Ke4 Qg6+ 49. Kd4 Kb6 50. Qd8+ Kb7 51.
Qe7+ Kb6 52. Qc5+ Kb7 53. Qe5 a4 54. Kc5 Qf7 55. c4 Qf8+ 56. Kd4 a3 57. Ke4 Qb4
58. bxa3 Qxc4+ 59. Ke3 Qxa2 60. Qe7+ Ka6 61. Qc5 Qe6+ 62. Kf2 Qf6+ 63. Kg2 Qb2+
64. Kh3 Qh8+ 65. Kg4 Qg7+ 66. Kf4 Qf6+ 67. Ke3 Qe6+ 68. Kd2 Kb7 69. Qb4+ Ka6
70. g4 Qh6+ 71. Ke2 Qh2+ 72. Kf3 Qh1+ 73. Kf4 Qc1+ 74. Kf5 c5 75. Qe4 c4 76. g5
c3 77. g6 c2 78. Qc4+ Ka7 79. g7 Qg1 1/2-1/2

[Event "Gausdal Int"]
[Site "Gausdal NOR"]
[Date "1993.??.??"]
[Round "3"]
[White "Djurhuus, Rune"]
[Black "Blatny, Pavel"]
[Result "0-1"]
[WhiteElo "2485"]
[BlackElo "2510"]
[PlyCount "68"]
[EventDate "1993.08.??"]
[Source "www.chesslib.no"]
[SourceDate "2004.05.04"]

1. e4 e5 2. Nf3 Nc6 3. Bb5 a6 4. Bxc6 dxc6 5. O-O Bg4 6. h3 h5 7. d3 Bd6 8.
Nbd2 Qf6 9. Nc4 Ne7 10. Re1 Bxf3 11. Qxf3 Qxf3 12. gxf3 Ng6 13. Kf1 f6 14. Ne3
Nf4 15. h4 Ne6 16. c3 Rd8 17. Nf5 Bf8 18. Rd1 g6 19. Ng3 Rh7 20. Be3 Rhd7 21.
Ke2 Kf7 22. Rd2 c5 23. Rad1 Bd6 24. Kf1 c6 25. Ne2 f5 26. d4 cxd4 27. cxd4 Bb4
28. Rd3 Nc5 29. Bg5 Nxd3 30. Bxd8 Nxb2 31. Rb1 Ba3 32. Bb6 Nc4 33. Ke1 a5 34.
Bc5 Bxc5 0-1

[Event "Capablanca mem"]
[Site "Cienfuegos"]
[Date "1991.??.??"]
[Round "3"]
[White "Romero Holmes, Alfonso"]
[Black "Murshed, Niaz"]
[Result "1/2-1/2"]
[WhiteElo "2485"]
[BlackElo "2510"]
[PlyCount "40"]
[EventDate "1991.??.??"]
[Source "ChessBase"]

1. e4 e5 2. Nf3 Nc6 3. Bb5 a6 4. Bxc6 dxc6 5. O-O Bg4 6. h3 h5 7. d3 Qf6 8.
Nbd2 Bc5 9. Nc4 Bxf3 10. Qxf3 Qxf3 11. gxf3 f6 12. f4 exf4 13. Bxf4 O-O-O 14.
Be3 Bd4 15. Bxd4 Rxd4 16. Kh2 Ne7 17. f3 c5 18. Ne3 g6 19. Rf2 Rhd8 20. h4 f5
1/2-1/2

[Event "Havana Cap mem"]
[Site "Havana"]
[Date "1991.??.??"]
[Round "3"]
[White "Romero Holmes, A."]
[Black "Murshed, N."]
[Result "1/2-1/2"]
[WhiteElo "2460"]
[BlackElo "2510"]
[PlyCount "84"]
[EventDate "1991.??.??"]
[Source "www.chesslib.no"]
[SourceDate "2004.05.04"]

1. e4 e5 2. Nf3 Nc6 3. Bb5 a6 4. Bxc6 dxc6 5. O-O Bg4 6. h3 h5 7. d3 Qf6 8.
Nbd2 Bc5 9. Nc4 Bxf3 10. Qxf3 Qxf3 11. gxf3 f6 12. f4 exf4 13. Bxf4 O-O-O 14.
Be3 Bd4 15. Bxd4 Rxd4 16. Kh2 Ne7 17. f3 c5 18. Ne3 g6 19. Rf2 Rhd8 20. h4 f5
21. Rg1 b5 22. b3 Rf8 23. Re2 Nc6 24. Rf1 Ne5 25. f4 Ng4+ 26. Nxg4 fxg4 27. f5
gxf5 28. exf5 Rd5 29. f6 Rf7 30. Kg3 Kd7 31. Rf4 Kd6 32. Re8 Re5 33. Rd8+ Ke6
34. Ra8 Kd5 35. Ra7 Re3+ 36. Kf2 Rh3 37. Rxa6 Ke5 38. Re4+ Kf5 39. Rc6 Rxf6 40.
Rxc5+ Kg6+ 41. Kg2 Rff3 42. Rc6+ Kf5 1/2-1/2

[Event "Dreszer Open"]
[Site "Gdynia POL"]
[Date "1989.??.??"]
[Round "8"]
[White "Rozentalis, Eduardas"]
[Black "Juroszek, Tadeusz"]
[Result "1/2-1/2"]
[WhiteElo "2485"]
[BlackElo "2425"]
[PlyCount "56"]
[EventDate "1989.??.??"]
[Source "www.chesslib.no"]
[SourceDate "2004.05.04"]

1. e4 e5 2. Nf3 Nc6 3. Bb5 a6 4. Bxc6 dxc6 5. O-O Bg4 6. h3 h5 7. d3 Qf6 8.
Nbd2 g5 9. Nc4 Bxf3 10. Qxf3 Qxf3 11. gxf3 f6 12. h4 gxh4 13. f4 exf4 14. Bxf4
O-O-O 15. Kh2 Nh6 16. f3 Bc5 17. Be3 Bxe3 18. Nxe3 Rdg8 19. Rg1 Rg5 20. Ng2
Rhg8 21. Nxh4 c5 22. Rg2 Kd7 23. Rag1 Ke6 24. Kh3 a5 25. f4 Rxg2 26. Rxg2 Rg4
27. Ng6 f5 28. Nh4 fxe4 1/2-1/2

[Event "Voronez"]
[Site "Voronezh RUS"]
[Date "1987.??.??"]
[Round "?"]
[White "Rozentalis, Eduardas"]
[Black "Pinkas, Karol"]
[Result "1-0"]
[WhiteElo "2455"]
[BlackElo "2405"]
[PlyCount "91"]
[EventDate "1987.09.??"]
[Source "www.chesslib.no"]
[SourceDate "2004.05.04"]

1. e4 e5 2. Nf3 Nc6 3. Bb5 a6 4. Bxc6 dxc6 5. O-O Bg4 6. h3 h5 7. d3 Qf6 8.
Nbd2 Ne7 9. Nc4 Bxf3 10. Qxf3 Qxf3 11. gxf3 Ng6 12. Kh2 Be7 13. Rg1 O-O 14. Kh1
Kh7 15. Be3 f6 16. Rg3 Rf7 17. Rag1 Nf4 18. Bxf4 exf4 19. R3g2 Rd8 20. Rd1 Bc5
21. Kg1 Bb4 22. Kf1 b5 23. Nd2 c5 24. c3 Ba5 25. Ke2 Rfd7 26. Nb3 Bb6 27. Rgg1
a5 28. Na1 a4 29. Nc2 Kh6 30. Rd2 c6 31. Rgd1 Kg5 32. Kf1 Ba5 33. d4 Bb6 34. d5
cxd5 35. exd5 Ba5 36. d6 Kh4 37. Rd5 g5 38. Kg2 f5 39. Rxc5 Rxd6 40. Rxd6 Rxd6
41. Nd4 Rxd4 42. cxd4 Bb6 43. Rxf5 Bxd4 44. Rxb5 Bf6 45. b4 axb3 46. Rxb3 1-0

[Event "Bor"]
[Site "?"]
[Date "1986.??.??"]
[Round "?"]
[White "Nikolic, Zi"]
[Black "Rogers, I."]
[Result "1/2-1/2"]
[WhiteElo "2475"]
[BlackElo "2515"]
[PlyCount "29"]
[EventDate "1986.??.??"]
[Source "ChessBase"]
[SourceDate "1986.07.01"]

1. e4 e5 2. Nf3 Nc6 3. Bb5 a6 4. Bxc6 dxc6 5. O-O Bg4 6. h3 h5 7. d3 Qf6 8.
Nbd2 g5 9. Nc4 Bxf3 10. Qxf3 Qxf3 11. gxf3 f6 12. h4 gxh4 13. f4 exf4 14. Bxf4
O-O-O 15. Kg2 1/2-1/2

[Event "Tilburg NED"]
[Site "Tilburg NED"]
[Date "1978.??.??"]
[Round "?"]
[White "Ribli, Zoltan"]
[Black "Portisch, Ferenc"]
[Result "0-1"]
[WhiteElo "2585"]
[BlackElo "2450"]
[PlyCount "84"]
[EventDate "1978.??.??"]
[Source "www.chesslib.no"]
[SourceDate "2004.05.04"]

1. e4 e5 2. Nf3 Nc6 3. Bb5 a6 4. Bxc6 dxc6 5. O-O Bg4 6. h3 h5 7. d3 Qf6 8. Be3
Bxf3 9. Qxf3 Qxf3 10. gxf3 Bd6 11. Kh1 f6 12. Nd2 Ne7 13. Rg1 Kf7 14. Nc4 Ng6
15. Rg3 Nh4 16. f4 exf4 17. Nxd6+ cxd6 18. Bxf4 d5 19. Bd2 Rae8 20. f3 g5 21.
Rf1 Ng6 22. Kg1 Nf4 23. Bxf4 gxf4 24. Rg2 Rhg8 25. Kf2 dxe4 26. dxe4 h4 27. Rd1
Ke6 28. b4 Rg3 29. Rh1 b5 30. c3 Kd6 31. a3 Ke6 32. Rhh2 Kd7 33. Rh1 Kc7 34.
Rhg1 a5 35. Rh1 a4 36. Rhg1 Kd6 37. Rxg3 hxg3+ 38. Kf1 Ke5 39. Kg2 f5 40. exf5
Kxf5 41. Kf1 Ke5 42. Kg2 Kd5 0-1

[Event "Skopje ol (Men)"]
[Site "Skopje MKD"]
[Date "1972.??.??"]
[Round "2"]
[White "Kagan, Shimon"]
[Black "Ujtumen, Tudev"]
[Result "1/2-1/2"]
[WhiteElo "2425"]
[BlackElo "2400"]
[PlyCount "110"]
[EventDate "1972.09.??"]
[Source "www.chesslib.no"]
[SourceDate "2004.05.04"]

1. e4 e5 2. Nf3 Nc6 3. Bb5 a6 4. Bxc6 dxc6 5. O-O Bg4 6. h3 h5 7. d3 Qf6 8.
Nbd2 Bd6 9. Nc4 Bxf3 10. Qxf3 Qxf3 11. gxf3 Ne7 12. f4 exf4 13. Nxd6+ cxd6 14.
Bxf4 O-O-O 15. Kh2 f6 16. Bd2 d5 17. f3 c5 18. Rae1 Nc6 19. Bc3 b5 20. b3 Rhg8
21. f4 dxe4 22. Rxe4 Rge8 23. Rfe1 Rxe4 24. Rxe4 Kd7 25. Kg3 Ne7 26. Kf3 Nf5
27. Bb2 Rc8 28. Bc3 Kd6 29. Bb2 Kd5 30. c4+ Kd6 31. Ba3 Kd7 32. Kf2 Rc6 33. Kf1
b4 34. Bb2 Re6 35. Rxe6 Kxe6 36. Kf2 Ne7 37. d4 cxd4 38. Bxd4 Kf5 39. Bc5 Ng6
40. Bxb4 Nxf4 41. Kg3 g5 42. Bd2 Ne6 43. b4 Ke4 44. b5 Kd3 45. b6 Nd8 46. Bb4
Nc6 47. b7 f5 48. Be7 h4+ 49. Kg2 g4 50. c5 Kc4 51. Bd6 Kb5 52. Kh2 a5 53. Kg2
a4 54. a3 Kc4 55. Kh2 Kb5 1/2-1/2

[Event "Hoogovens-B"]
[Site "Wijk aan Zee"]
[Date "1972.??.??"]
[Round "?"]
[White "Karaklajic, Nikola"]
[Black "Scholl, Eddie C"]
[Result "1-0"]
[WhiteElo "2420"]
[BlackElo "2400"]
[PlyCount "159"]
[EventDate "1972.??.??"]
[Source "ChessBase"]

1. e4 e5 2. Nf3 Nc6 3. Bb5 a6 4. Bxc6 dxc6 5. O-O Bg4 6. h3 h5 7. d3 Qf6 8.
Nbd2 Ne7 9. Re1 Ng6 10. d4 Bd6 11. c4 c5 12. Qa4+ Bd7 13. dxe5 Bxa4 14. exf6
gxf6 15. b3 Bd7 16. Bb2 Ne5 17. Nxe5 Bxe5 18. Bxe5 fxe5 19. Rad1 O-O-O 20. Nf1
f6 21. Ne3 Be6 22. f3 c6 23. Kf2 Kc7 24. Rxd8 Kxd8 25. Kg3 h4+ 26. Kf2 Ke7 27.
Rd1 Rg8 28. Rd2 a5 29. Ke1 Ra8 30. Rb2 Rd8 31. Rd2 Ra8 32. Rb2 Rd8 33. Nd1 Rb8
34. Rc2 b6 35. Nb2 Kd6 36. Na4 Kc7 37. Rd2 Rg8 38. Kf2 Rg7 39. Ke3 Rg3 40. Rf2
Bf7 41. Ke2 Bh5 42. Nc3 Bf7 43. Kf1 Kd6 44. Rd2+ Kc7 45. Kf2 Be6 46. Ne2 Rg8
47. f4 a4 48. fxe5 fxe5 49. Ng1 axb3 50. axb3 b5 51. Rc2 Kd6 52. Nf3 Rg3 53.
Rc3 Bf7 54. Rd3+ Ke7 55. Rd2 Be8 56. cxb5 cxb5 57. Rd5 c4 58. Rxe5+ Kd8 59.
Rd5+ Ke7 60. bxc4 bxc4 61. Nxh4 Ra3 62. Nf5+ Kf6 63. Nd6 Bg6 64. Nxc4 Bxe4 65.
Rd6+ Ke7 66. Rd2 Rc3 67. Nd6 Bg6 68. Nb5 Rc4 69. Nd4 Kf6 70. Ke3 Rc3+ 71. Kf4
Rc1 72. g4 Rh1 73. Kg3 Be4 74. Rf2+ Kg6 75. Nf3 Ra1 76. Ne5+ Kg7 77. h4 Bd5 78.
h5 Ra3+ 79. Kf4 Be6 80. Rb2 1-0